| 000 | 01431cam a22003371 4500 | ||
|---|---|---|---|
| 001 | 4065553 | ||
| 003 | OSt | ||
| 005 | 20230704111302.0 | ||
| 008 | 700802m19691977nyu b 000 0 eng | ||
| 010 | _a 68008873 | ||
| 020 | _a0231036337 (v. 2) | ||
| 040 |
_aDLC _cDLC _dDLC _dOCoLC |
||
| 050 | 0 | 0 |
_aJZ4984.5 _b.C67 1969 |
| 082 | 0 | 0 |
_a341.23/08 _bCOR |
| 100 | 1 |
_aCordier, Andrew W. _q(Andrew Wellington), _d1901- _ecomp. |
|
| 245 | 1 | 0 |
_aPublic papers of the Secretaries-General of the United Nations. _cSelected and edited with commentary by Andrew W. Cordier and Wilder Foote. |
| 260 |
_aNew York, _bColumbia University Press, _c1969-77. |
||
| 300 |
_a8 v. _c24 cm. |
||
| 500 | _aVols. 6-8 selected and edited by A. W. Cordier and M. Harrelson. | ||
| 504 | _aIncludes bibliographical references. | ||
| 505 | 0 | _av. 1. Trygve Lie: 1946-53.--v. 2. Dag Hammarskjöld: 1953-1956.--v. 3. Dag Hammarskjöld: 1956-1957.--v. 4. Dag Hammarskjöld, 1958-1960.--v. 5. Dag Hammarskjöld: 1960-1961.--v. 6. U Thant: 1961-1964.--v. 7. U Thant: 1965-1967.--v. 8. U Thant: 1968-1971. | |
| 610 | 2 | 0 | _aUnited Nations. |
| 700 | 1 |
_aFoote, Wilder, _ejoint comp. |
|
| 700 | 1 |
_aHarrelson, Max, _ejoint comp. |
|
| 700 | 1 |
_aLie, Trygve, _d1896-1968. |
|
| 700 | 1 |
_aHammarskjöld, Dag, _d1905-1961. |
|
| 700 | 0 |
_aThant, _cU, _d1909-1974. |
|
| 906 |
_a7 _bcbc _corignew _du _encip _f19 _gy-gencatlg |
||
| 942 |
_2ddc _cBK |
||
| 999 |
_c3724 _d3724 |
||